000 00441nam a2200181Ia 4500
001 23061
005 20260414150912.0
008 260414t2008||||xx |||||||||||||| ||spa||
041 _aESP
082 _a624.1821
_bS42
100 _aSerrano Núñez, Pedro
_eAUT
245 0 _aLos cables de acero y sus aplicaciones
_b
260 _c2008
300 _a169 páginas :
_c29 cm.
650 _a0
654 _aCIC
942 _cLIB
_dJUS
_fJUS
_2ddc
_n
999 _c23061
_d23061